[Event "I IRT CXG 2025"]
[Site "Rio de Janeiro"]
[Date "2025.04.01"]
[Round "4.1"]
[White "Macario, Jorge Luiz das Chag"]
[Black "Chaves, Jorge Antonio Torre"]
[Result "1/2-1/2"]
[WhiteElo "1787"]
[BlackElo "1873"]
[Annotator "Chessbase - SF 17.1"]
[PlyCount "125"]
[EventDate "2025.??.??"]
[EventCountry "BRA"]

1. d4 {[%eval 17,0]} Nf6 {[%eval 19,0]} 2. Nf3 {[%eval 11,0]} e6 {[%eval 14,0]} 3. c4 {[%eval 12,0]} b6 {[%eval 19,0]} 4. Bg5 {[%eval 0,0]} Bb7 {[%eval 0,0]} 5. e3 {[%eval 0,0]} Bb4+ {[%eval 4,0]} 6. Nc3 {[%eval 7,0]} h6 {[%eval 0,0]} 7. Bxf6 {[%eval 22,0]} Qxf6 {[%eval 0,0]} 8. a3 {[%eval 35,0]} (8. Rc1 O-O 9. Be2 d6 10. O-O Bxc3 11. Rxc3 Nd7 12. Nd2 c5 13. Bf3 cxd4 14. exd4 Bxf3 15. Nxf3 Rfc8 16. Qd3 Rc7 17. Rfc1 Rac8 18. b4 Qe7 19. a3 Nf6 20. Nd2 a5 21. bxa5 bxa5 22. Nf1 Rb7 23. Ne3 Rb2 24. Rb3 Rxb3 25. Qxb3 Qa7 26. Qd3 Qa6 27. Qd1 Rb8 28. Rb1 Rb6 29. a4 Ne8 30. c5 Rb4 31. Rxb4 axb4 32. Qb3 dxc5 33. dxc5 Qa5 34. Qc2 Nc7 35. g3 Na6 36. c6 Qb6 37. Qc4 Nc7 {1-0 Zhou,J (2572)-Yu,Y (2657) Shenzhen Celebrity 3rd rapid 2013 (1)}) 8... Bxc3+ {[%eval 26,0]} 9. bxc3 {[%eval 33,0]} d6 {[%eval 33,0]} 10. Bd3 {[%eval 29,0] Black is slightly better.} Nd7 {[%eval 17,0] [#]} 11. Qe2 $146 {[%eval 49,0]} (11. Qc2 a5 12. Be4 c6 13. O-O O-O 14. Nd2 Rab8 15. Rab1 c5 16. Qa4 Qe7 17. Bxb7 Rxb7 18. Qc6 Nb8 19. Qf3 Qc7 20. Qg3 Nd7 21. f4 d5 {½-½ (21) Guennigmann,S (1780)-Horstmann,M (1745) Germany 2009}) (11. O-O O-O 12. Nd2 (12. Re1 Rfe8 13. e4 e5 14. Qa4 Re7 15. c5 dxc5 16. d5 a6 17. Qb3 Nf8 18. a4 Ng6 19. c4 a5 20. Bf1 Rd8 21. Ra3 Bc8 22. Nd2 Rd6 23. Qd1 Nf4 24. Nb1 Qh4 25. Ree3 Rf6 26. Qe1 Rg6 27. Rg3 Bg4 28. Nd2 Qf6 29. Rab3 Bd7 30. Rxg6 Qxg6 31. Rg3 Qd6 32. Ra3 Nh5 33. Be2 Nf6 34. Bd1 Ne8 35. Qe3 Qg6 36. Qe2 Nd6 37. Rg3 Qf6 38. Qd3 Qf4 39. Rf3 Qh4 40. Bc2 f5 {½-½ Reindl,W (1940)-Fischer,G (2063) Regionalliga NO 1213 Bayern 2012 (5.4)}) 12... Qe7 13. e4 e5 14. f4 c5 15. fxe5 dxe5 16. d5 Nf6 17. Nf3 Ne8 18. Rf2 Nd6 19. Nd2 Rae8 20. Qc2 Bc8 21. Re1 g6 22. Rfe2 Kh8 23. Nf1 Qf6 24. Rf2 Qg7 25. Ng3 h5 {Taudte,S (2089)-Seifert,V (2129) Germany 2001 ½-½}) 11... O-O {[%eval 43,0][%cal Bd7c5]} 12. O-O {[%eval 49,0]} e5 {[%eval 46,0] [#] Strongly threatening ...e4.} 13. Nd2 {[%eval 48,0] Inhibits e4.} Qe7 {[%eval 29,0]} (13... Rae8 {looks sharper.} 14. Qg4 Qd8 15. Bc2 e4) 14. f3 {[%eval 65,0]} f5 {[%eval 81,0][%cal Bf7f5,Bf5f4][%mdl 32]} 15. e4 {[%eval 83,0]} f4 {[%eval -97,0]} 16. Kh1 {[%eval -91,0]} a5 {[%eval -93,0]} 17. Rg1 {[%eval -82,0]} Kh8 {[%eval -86,0]} 18. g3 {[%eval -68,0]} g5 {[%eval -89,0]} 19. g4 {[%eval -52,0]} Rf7 {[%eval -46,0]} 20. Rg2 {[%eval -56,0]} Qf6 {[%eval -68,0]} 21. Qf2 {[%eval -86,0][%cal Bh2h4]} Rh7 {[%eval -77,0]} 22. Rag1 {[%eval -95,0][%cal Bh2h4]} Nf8 $2 {[%eval 22,0] Mistake. Rg8 was best.} (22... Rg8) 23. h4 {[%eval 37,0]} Ne6 {[%eval 21,0]} (23... gxh4 24. g5 hxg5 25. Rxg5 $14) 24. d5 $6 {[%eval 96,0] Inaccuracy. c5 was best.} (24. c5) 24... Nc5 {[%eval -85,0]} 25. Bc2 {[%eval 88,0]} Rg8 $6 {[%eval 13,0] Inaccuracy. gxh4 was best.} (25... gxh4 26. Rh2 Rg8 $15) 26. h5 {[%eval 32,0]} a4 {[%eval 36,0]} 27. Rb1 {[%eval 22,0]} Ra8 {[%eval 13,0]} 28. Rb4 {[%eval 47,0]} Bc8 {[%eval 8,0]} 29. Rg1 {[%eval 25,0]} Bd7 {[%eval 25,0]} 30. Rb2 {[%eval 26,0]} Rg7 {[%eval 25,0][%cal Bh7g7,Bg7g8,Bg8b8][%mdl 32]} 31. Rf1 {[%eval 43,0]} Rgg8 {[%eval 28,0]} 32. Qe2 {[%eval 27,0]} Rgb8 {[%eval 28,0]} 33. Rfb1 {[%eval 3,0]} Qd8 {[%eval 35,0]} 34. Kg2 {[%eval 32,0]} Ra5 {[%eval 35,0]} 35. Rb4 {[%eval 33,0]} Be8 {[%eval 13,0]} 36. Kh1 {[%eval 18,0]} Bf7 {[%eval 2,0]} 37. R4b2 {[%eval 22,0]} Nd7 {[%eval 29,0]} 38. Nf1 {[%eval 27,0]} Nf6 {[%eval 16,0]} 39. Nh2 {[%eval 22,0]} Qd7 {[%eval 11,0]} 40. Bd3 {[%eval 16,0]} Rg8 {[%eval 14,0]} 41. Rg1 {[%eval 6,0]} Bxh5 $6 {[%eval 72,0] Inaccuracy. Raa8 was best.} (41... Raa8) 42. gxh5 {[%eval 66,0] Black must now prevent Ng4.} Nxh5 $6 {[%eval 176,0] Inaccuracy. Qh3 was best.} (42... Qh3 43. Qg2 Qxh5 44. Bf1 g4 45. fxg4 Qh4 46. Qf3 Rg7 47. Re2 Rg8 48. Rgg2) 43. Nf1 $4 {[%eval 35,0] Blunder. Ng4 was best.} (43. Ng4) 43... Qh3+ $4 {[%eval 258,0][%mdl 8192] Blunder. Nf6 was best.} (43... Rg6 $15 {stays ahead.}) (43... Nf6) 44. Qh2 $18 {[%eval 205,0]} Qxf3+ {[%eval 248,0]} 45. Rbg2 {[%eval 217,0][%cal Bb2g2,Bg2h2,Bh2h6][%mdl 32]} Nf6 $4 {[%eval 486,0] Blunder. Qxd3 was best.} (45... Qxd3 46. Qxh5 Qxe4) 46. Qxh6+ {[%eval 545,0]} Nh7 {[%eval 544,0]} 47. Be2 {[%eval 542,0]} Qxe4 {[%eval 533,0]} 48. Nd2 {[%eval 524,0] Prevents f3.} Qg6 {[%eval 549,0]} 49. Rh2 {[%eval 286,0] [#] aiming for Qh3.} (49. Qh3 Raa8 50. Bd3 f3 51. Bxg6 fxg2+ 52. Rxg2 Rxg6 53. Ne4 Rf8 54. Rxg5 Rg7) 49... Qxh6 {[%eval 297,0]} 50. Rxh6 {[%eval 275,0]} Kg7 {[%eval 269,0]} 51. Rh5 {[%eval 278,0]} Raa8 {[%eval 259,0]} 52. Bd3 {[%eval 262,0]} Rh8 {[%eval 249,0]} 53. Rxh7+ {[%eval 215,0]} Rxh7+ {[%eval 238,0]} 54. Bxh7 {[%eval 203,0]} Kxh7 {[%eval 229,0]} 55. Rxg5 {[%eval 232,0][%mdl 4096] Endgame KRN-KR} Kh6 {[%eval 209,0]} 56. Rg2 {[%eval 221,0]} Rf8 {[%eval 273,0]} 57. Kg1 {[%eval 257,0]} Rf5 {[%eval 279,0]} 58. Kf2 {[%eval 258,0]} Rh5 {[%eval 218,0]} 59. Ne4 $4 {[%eval 0,0] Blunder. Kf3 was best.} (59. Kf3 Rh3+ 60. Kg4 Rh5 61. Nf3 Kg6 62. Rh2 Rxh2 63. Nxh2 Kf6 64. Nf3 Ke7) 59... Rh3 {[%eval 0,0]} 60. Rg1 {[%eval 0,0]} Rh2+ $4 {[%eval 217,0][%mdl 8192] Blunder. Re3 was best.} (60... Re3 61. Re1 Rd3 (61... Rh3 62. c5 bxc5 63. Rg1 Re3 64. Re1)) 61. Rg2 $4 {[%eval 0,0] Blunder. Kf3 was best.} (61. Kf3 Rh3+ 62. Kg4 Rh5 63. c5 bxc5 64. Rb1 Kg6 65. Rb8 Rh7 66. Re8 Kf7) 61... Rh1 $2 {[%eval 157,0] Mistake. Rh3 was best.} (61... Rh3 62. Nf6 Rd3 63. Ng8+ Kh7 64. Nf6+) 62. Rg1 $2 {[%eval 0,0] Mistake. Rg8 was best.} (62. Rg8) {[%tqu "En","","","","h1h3","",10]} 62... Rh2+ $4 {[%eval 223,0] Blunder. Rh3 was best.} (62... Rxg1 $2 63. Kxg1 Kg7 64. Kg2 $18) (62... Rh3 63. Nf6 Rxc3 64. Ng8+ Kh5 65. Nf6+) 63. Rg2 $4 {[%eval 0,0] Blunder. Kf3 was best. Weighted Error Value: White=0.33/Black=0.48 Precisão Stockfish 17: Brancas 86% Pretas 84%} (63. Kf3) 1/2-1/2

[Event "I IRT CXG 2025"]
[Site "Rio de Janeiro"]
[Date "2025.04.01"]
[Round "4.2"]
[White "Mendes, Jorge Alberto Dacal"]
[Black "Brito, Vicente De Paulo Al"]
[Result "0-1"]
[WhiteElo "1870"]
[BlackElo "1880"]
[Annotator "Chessbase - SF 17.1"]
[PlyCount "50"]
[EventDate "2025.??.??"]
[EventCountry "BRA"]

1. e4 {[%eval 18,0]} e6 {[%eval 28,0]} 2. d4 {[%eval 28,0]} d5 {[%eval 33,0]} 3. Nc3 {[%eval 28,0]} Bb4 {[%eval 4,0]} 4. e5 {[%eval 46,0]} b6 {[%eval 83,0]} 5. a3 {[%eval 68,0]} Bf8 {[%eval 78,0]} 6. Bb5+ {[%eval 43,0]} c6 {[%eval 62,0]} (6... Bd7 7. Nf3 c5 (7... Bxb5 8. Nxb5 Qd7 9. Qd3 c5 (9... Ne7 10. O-O a6 11. Nc3 c5 12. Be3 Nf5 13. Ne2 Nc6 14. c3 Be7 15. Ng3 $5 {[%cal Rg3f5]} (15. Rad1 O-O 16. Bc1 c4 (16... f6 17. g4 (17. exf6 Bxf6 18. Rfe1 cxd4 19. Nexd4 Ncxd4 20. cxd4 Nd6 21. Ne5 {Almasi,Z (2655)-Vaganian,R (2595) Budapest 1996 EXT 2020 [Gershon,Alik] 1-0 (32)} Qc7 (21... Bxe5 $5 22. Rxe5 Rf6) {Ng4} 22. Ng4) 17... fxe5 (17... c4 18. Qc2 Nh6 19. Bxh6 gxh6 20. exf6 Rxf6) 18. Nxe5 Nxe5 19. dxe5 Nh4 20. f4) 17. Qc2 b5)) 10. b3 (10. Nc3 Nc6) (10. c4 a6 (10... dxc4 11. Qe4 Nc6 12. dxc5 Bxc5 13. Bg5 (13. Be3 a6 $16 (13... Bxe3 14. Nd6+ Ke7 15. fxe3) 14. Rd1 Qb7 15. Bxc5 axb5) 13... Nge7 14. Rd1 (14. Bxe7 Bxe7 15. Rd1 Qb7 16. Nd6+ (16. Rd6 Rc8 17. Nxa7 Qxa7 18. Rxc6 Qa5+ 19. Ke2 O-O $5 {[%cal Ra5b5]} (19... Qa8 20. Rxc8+ Qxc8 21. Rc1 b5 22. a4 (22. Nd4 Qd7 (22... Qa6 23. Nc6 (23. Qc6+ Qxc6 24. Nxc6 Kd7 25. Nxe7 Kxe7 26. a4 Rb8 27. axb5 Rxb5) 23... Bc5) 23. Qa8+ Qd8 (23... Bd8 24. Rd1) 24. Qxd8+ Bxd8 25. Nxb5 f6 26. exf6 gxf6 27. Rxc4 Rg8) 22... Qa6) 20. Rxc8 (20. Rxc4 Qb5 $15) 20... Rxc8) 16... Bxd6 17. exd6 O-O 18. Ng5 g6 19. Qh4 f6) 14... Nd5 15. Qxc4 Rc8) 11. Nc3 dxc4 12. Qxc4 b5) 10... a6 11. Nc3 Nc6) 8. Bd3 (8. Be3 Bxb5 9. Nxb5 a6 $5 {[%cal Ra6b5]} (9... Qd7 10. Qe2 c4 11. Nc3 Nc6 12. O-O Nge7) 10. Nc3 Nc6) 8... Nc6 9. O-O ({a6} 9. Bf4 {dxc5 bxc5 b3 Nge7 Re1 Ng6 Na4 Qc7 Qe2 Nb8 Nb2 Be7 Bd2 Bc6 c4 d4 b4 Re1 Nge7 Bg5 h6 Be3 cxd4 Bxd4 Nxd4 Nxd4 Nc6 Nxc6 Bxc6 Qg4 Qg5 Qe2 Qxg5 hxg5 Ne2 Bc5 c3 Bc5 Bxa6 O-O Bb5 Bb7 Na4} Nge7 {Re1 Nxd4 Nxd4 cxd4} 10. Ne2 {Nc6 b4} b5 11. Ng3 g6 12. Nf1 Bg7 {Nd2 f6 Nf3 fxe5 Nxe5 O-O Nxc6 Bxc6} 13. Qe2) ({Nge7} 9. Nb5 {Ng6 c3} c4 10. Bg6 hxg6 11. Bg5 f6 12. exf6 gxf6 13. Bf4 (13. Bxf6 Qxf6 14. Nc7+ Kd8 15. Nxa8 Kc8 16. b3) 13... Rc8 14. Nd6+ Bxd6 15. Bxd6 Kf7) 9... a6 (9... Nge7 10. Nb5 Ng6 11. c3 c4 12. Bxg6 hxg6 13. Bg5 f6 14. exf6 gxf6 15. Bf4 (15. Bxf6 Qxf6 16. Nc7+ Kd8 17. Nxa8 Kc8 18. b3) 15... Rc8 16. Nd6+ Bxd6 17. Bxd6 Kf7) 10. Bf4 (10. dxc5 bxc5 11. b3 Nge7 12. Re1 Ng6 {Prevents h4.} 13. Na4 {[%cal Bh2h4]} Qc7 14. Qe2 Nb8 15. Nb2 Be7 {Inhibits h4.} 16. Bd2 Bc6 17. c4 {[%cal Bh2h4]} d4 18. b4) (10. Re1 Nge7 11. Bg5 h6 12. Be3 cxd4 13. Bxd4 Nxd4 14. Nxd4 Nc6 15. Nxc6 Bxc6 16. Qg4 Qg5 17. Qe2 Bc5 18. Bxa6 O-O {[%cal Bb6b5]} 19. Bb5 Bb7 20. Na4) 10... Nge7 11. Re1 Nxd4 12. Nxd4 cxd4 13. Ne2 {[%cal Bh2h4]} Nc6 14. b4 b5 15. Ng3 {[%cal Bh2h4]} g6 16. Nf1 {[%cal Bc2c4]} Bg7 17. Nd2 f6 18. Nf3 fxe5 19. Nxe5 O-O 20. Nxc6 Bxc6 21. Qe2) 7. Bd3 {[%eval 62,0]} (7. Ba4 Bd7 8. Nce2 c5 9. Bxd7+ Qxd7 10. c3 Nc6 11. f4 c4 12. Nf3 Na5 13. Be3 Ne7 14. Nd2 b5 15. Bf2 Nc8 16. g4 h5 17. gxh5 Rxh5 18. h4 Nb6 19. Ng3 Rh8 20. h5 Na4 21. Qc2 O-O-O 22. Ke2 f5 23. Rag1 Qf7 24. Nf3 Be7 25. Ng5 Bxg5 26. fxg5 f4 27. g6 Qe7 28. Nf5 exf5 29. Bh4 Qe6 30. Bxd8 Kxd8 31. Rg5 f3+ 32. Kxf3 Nc6 33. Qxf5 Kd7 34. h6 Ne7 35. Qf7 Nxb2 36. hxg7 Rxh1 {1-0 Tari,A (2642)-Nakamura,H (2794) Titled Tuesday intern op 25th Jun Late Chess.com INT blitz 2024 (5)}) 7... Ba6 {[%eval 61,0] [#]} 8. Be3 $146 {[%eval 75,0][%cal Bc2c4]} (8. Bxa6 Nxa6 9. Qd3 Nc7 10. Nge2 c5 11. h4 Qd7 12. Rh3 Ne7 13. Be3 Nc6 14. Nf4 O-O-O 15. Nh5 c4 16. Qe2 Kb7 17. Rg3 f6 $5 {[%cal Rf6e5]} (17... Ne8 18. Qf3 Rc8 19. Rg4 a6 20. Rf4 {½-½ (20) Grilc,A (2015)-Hasanov,M (2270) Bled 1996})) (8. Nf3 Qd7 9. Ne2 Bxd3 10. Qxd3 c5 11. c4 Ne7 12. O-O Nbc6 13. Rd1 dxc4 14. Qxc4 Na5 15. Qc2 c4 16. Bd2 Nb3 17. Rab1 Rc8 18. Bb4 Nd5 19. Bxf8 Kxf8 20. Nc3 h6 21. Ne4 b5 22. Nd6 Rc7 {Zhunusov,N (1771)-Primbetov,K (2059) Almaty KAZ 2024 ½-½}) (8. f4 Bxd3 (8... Ne7 9. Bxa6 Nxa6 10. Nf3 h5 11. Be3 Nf5 12. Bf2 Be7 13. Qd2 Qd7 14. Nd1 c5 15. c3 Qa4 16. Ne3 Nxe3 17. Qxe3 g6 18. O-O cxd4 19. cxd4 O-O-O 20. Rac1+ Kb7 21. Bh4 Bxh4 22. Nxh4 Nc7 23. Nf3 Nb5 24. Qd3 a6 25. Rc2 Rc8 26. Rfc1 Rxc2 27. Qxc2 Qxc2 28. Rxc2 Rd8 29. a4 Na7 30. Kf2 Nc6 31. Ke3 b5 32. axb5 axb5 33. Ng5 Rd7 34. Rc1 Kb6 35. Ra1 Na5 36. Kd3 b4 37. g3 Rc7 {1-0 Arenas Vanegas,D (2421)-Ruiz Castillo,J (2403) COL-ch blitz Quibdo 2015 (17)}) 9. Qxd3 Ne7 (9... c5 10. Nf3 Nc6 11. Be3 Qd7 12. O-O Nh6 13. Ne2 Be7 14. c3 c4 15. Qd2 Na5 16. Rae1 Nf5 $5 {[%cal Ra5b3]} (16... O-O-O 17. Qc2 f5 18. exf6 gxf6 19. Ng3 Ng4 20. Bc1 Bd6 21. f5 e5 22. dxe5 Nxe5 {Mehar,C (2222)-Sengupta,D (2438) Chennai 2008 0-1 (37)}) 17. Ng3 Nxg3 18. hxg3 O-O-O) 10. Nf3 Nf5 11. g4 Nh4 12. Bd2 h5 13. h3 hxg4 14. hxg4 Nxf3+ 15. Qxf3 Rxh1+ 16. Qxh1 Qd7 17. O-O-O c5 18. f5 Na6 19. fxe6 fxe6 20. Bg5 Nc7 (20... Qf7 21. Nxd5 exd5 $18 (21... Qg6 22. Nf4 Qxg5 {Parizek,V (2144)-Sedlacek,T (2090) Czech Republic 2016 1-0}) 22. e6 Qxe6) 21. Rf1 Qc8) 8... Ne7 {[%eval 69,0][%cal Bd7b5] White is slightly better.} 9. f4 {[%eval 28,0]} Nf5 {[%eval 38,0]} 10. Bxf5 {[%eval 4,0]} exf5 {[%eval 26,0]} 11. Qf3 {[%eval 31,0]} Be7 {[%eval 4,0]} 12. Nge2 {[%eval 17,0] White wants to play g4.} Nd7 $2 {[%eval 154,0] Mistake. g6 was best.} (12... g6) 13. g4 {[%eval 145,0]} Bh4+ {[%eval 162,0]} 14. Kd2 {[%eval 142,0]} fxg4 {[%eval 155,0]} 15. Qxg4 {[%eval 106,0]} Qe7 $2 {[%eval 305,0] Mistake. g6 was best.} (15... g6) 16. f5 $6 {[%eval 176,0] Inaccuracy. Qxg7 was best.} (16. Qxg7 O-O-O 17. Qh6 Kb7 18. Rag1 Bxe2 19. Nxe2 b5 20. Nc1 Nb6 21. Nd3 Nc4+) 16... g5 {[%eval 205,0]} 17. fxg6 $4 {[%eval 35,0] Blunder. Rag1 was best. [#]} (17. Ng3 $18) (17. Rag1 h5 18. Qg2 f6 19. e6 Nf8 20. Na2 Bc4 21. Nec3 a5 22. b3 Ba6) 17... hxg6 {[%eval 35,0]} 18. Nf4 {[%eval 53,0][%cal Be2f4,Bf4d3,Bd3b4][%mdl 32]} O-O-O {[%eval 25,0][%cal Be8c8,Bc8b8,Bb8a8][%mdl 32]} 19. Nd3 {[%eval 75,0]} Kb8 {[%eval 74,0]} 20. Nb4 {[%eval 92,0]} Bb7 {[%eval -100,0] ...c5 is the strong threat.} 21. Rhg1 {[%eval -96,0]} Ka8 {[%eval 59,0][%cal Bd7e5]} 22. Qg2 $4 {[%eval -266,0][%mdl 8192] Blunder. Raf1 was best. [#]} (22. Raf1) 22... Nxe5 $1 $19 {[%eval -265,0][%mdl 512]} 23. dxe5 {[%eval -381,0]} (23. b3 c5) 23... d4 {[%eval -369,0] Black is clearly winning.} 24. Bf4 {[%eval -491,0]} dxc3+ {[%eval -481,0]} 25. Kxc3 {[%eval -494,0]} c5 {[%eval -473,0][%csl Bb4,Bg2] Weighted Error Value: White=0.69/Black=0.30 Precisão Stockfish 17: Brancas 80% Pretas 92%} (25... Qd7 $2 26. Rad1 Qe7 27. Nd3 $19) 0-1

[Event "I IRT CXG 2025"]
[Site "Rio de Janeiro"]
[Date "2025.04.01"]
[Round "4.4"]
[White "Santos Filho, Tadeu Souza"]
[Black "Nogueira, Adnilton Correia de"]
[Result "1-0"]
[WhiteElo "2017"]
[BlackElo "1745"]
[Annotator "Chessbase - SF 17.1"]
[PlyCount "57"]
[EventDate "2025.??.??"]
[EventCountry "BRA"]

{[%evp 0,57,31,31,43,25,98,81,77,75,75,61,65,49,49,42,35,42,73,5,15,22,32,15,2,-74,-56,-112,-99,-99,-99,-99,-65,-84,-109,-123,-112,-217,-128,-116,-108,-120,51,51,63,63,117,117,117,173,135,134,335,226,266,301,463,463,465,475]} 1. e4 {[%eval 18,0] Huzman,Alexander Huzman,Alexander} e5 {[%eval 21,0]} 2. Nf3 {[%eval 13,0]} d6 {[%eval 48,0]} 3. d4 {[%eval 58,0]} exd4 {[%eval 45,0]} 4. Nxd4 {[%eval 57,0]} Nf6 {[%eval 56,0]} 5. Nc3 {[%eval 51,0]} Be7 {[%eval 66,0]} 6. Be2 {[%eval 34,0]} O-O {[%eval 34,0]} 7. Be3 {[%eval 7,0]} Nbd7 {[%eval 35,0]} (7... Re8 8. Bf3 (8. f4 Bf8 9. Qd3 Na6 10. O-O-O Nc5) (8. g4 d5 9. Nxd5 Nxd5 10. exd5 Qxd5 11. Bf3 Qe5) (8. Qd2 d5 (8... a6 9. Bf3 Ng4 10. Bxg4 Bxg4 11. f3 Be6 12. O-O-O c5 13. Nxe6 fxe6 14. Bf4) (8... Bf8 9. Bf3 (9. f3 d5 10. Nxd5 (10. O-O-O {Nb3 Bb4 a3 Bxc3 Qxc3 Qe7 Nb5 dxe4 c5 Nb3 d4 Bg5 Be7 Bxf6 Bxf6 Nd5 b6 d4}) 10... Nxd5 11. exd5 Qxd5 12. Kf2 (12. c4 Qd6 13. O-O-O Nc6) 12... Nc6 13. Rad1 Bc5 14. c4 Qe5) (9. Bg5 h6 10. Bxf6 (10. Bh4 g5 11. Bg3 Nxe4 12. Nxe4 Rxe4 13. O-O-O (13. O-O Bg7 14. c3 Nc6 15. Bd3 (15. Nxc6 bxc6 16. Bd3 Re8 17. f4 Be6 18. Be4 (18. Rae1 Rb8 19. Re2 (19. Bb1 Bc4 20. Rxe8+ Qxe8 21. Re1 Qd8 22. Bf2 (22. Qf2 {Sulskis,S (2582)-Bacrot,E (2664) Moscow 2004 CBM 100 [Huzman,Alexander] 0-1 (42)}) 22... c5 23. b3 Ba6 (23... Be6 24. c4) 24. c4 Bb7 25. fxg5 hxg5 26. Be3) 19... Qf6 20. Rfe1) 18... Bd7 (18... d5 19. Bc2 $5 {[%cal Rf4g5]} (19. Bd3 d4 $5 {[%cal Rd4c3]} (19... Rb8 20. Bf2))) (18... Bc4 19. Bxc6 Re2 20. Qc1 Rb8 21. b3 Bb5 22. Bxb5 (22. Bf3 Re8 23. Re1 Qf6) 22... Rxb5 23. Rf2 Re4) 19. Qc2 (19. Rae1) 19... g4) 15... Rxd4 (15... Re8 16. Nf5 Bxf5 17. Bxf5 Qf6) 16. cxd4 Nxd4 17. f4) 13... Bg7 14. c3 Nc6 15. Bd3 Rxd4 (15... Re8 16. Nf5 Bxf5 17. Bxf5 Qf6) 16. cxd4 Nxd4) 10... Qxf6 11. f3 (11. Nd5 Qd8 12. f3 c6 13. Nc3 Nd7 14. O-O-O Nc5)) 9... Nbd7 10. O-O-O Ne5 (10... Nc5 11. Bg5 (11. Nc6 bxc6 12. Bxc5 Be6 13. Bd4 Nd7) 11... h6 12. Bh4 (12. Bxf6 Qxf6 13. Nd5 Qd8 14. Rhe1 c6 15. Nc3 Be7) 12... g5 13. Bg3 Bg7 $5 {[%cal Rg5g4]} (13... g4) 14. e5 dxe5) 11. Be2 Neg4 12. Bxg4 Nxg4 13. Bg5) 9. exd5 Nxd5 10. Nxd5 Qxd5 11. O-O Bf6 12. Bf3 Qd7 13. Rad1 c5 14. Nb3 Qxd2 15. Rxd2 Bxb2 16. Nxc5) (8. O-O Nbd7 (8... c6 9. h3 Bf8 10. Bd3 Nbd7 11. Nf3 b5 12. a3 Bb7 13. Re1 a6 14. Bg5 Qc7 15. Qd2 h6 16. Bf4 c5 17. Rad1 Ne5) (8... Bf8 9. Bf3 (9. Bg5 h6 10. Bh4 g5 11. Bg3 Nxe4 12. Nxe4 Rxe4 13. c3 Nd7 14. f4 Bg7 15. Bd3 Re8 16. fxg5 Qxg5 17. Nf5) (9. f3 d5 10. Bg5 h6 11. Bxf6 Qxf6 12. Nxd5 Qd8 13. Kh1 c6 14. Ne3 Nd7 15. c3 Qc7 16. Qc2 Nf6 17. Bd3 Qf4 18. Qf2 a5 19. Nc4 Bc5 20. e5 Nd5 21. Rae1 b5 22. Re4 Qg5 23. Nd6 Rd8 24. h4 Qe7 25. Nxc6 Qxd6 26. exd6 Bxf2 27. Nxd8 Bg3 28. Re8# {1-0 Remizov,Y (2440)-Tabatabaei,M (2696) Titled Tuesday intern op 08th Aug Early Chess.com INT blitz 2023 (10)}) 9... Nbd7 10. Re1 Ne5 11. Bg5 c6 12. Be2 h6 13. Bh4 Ng6 14. Bxf6 Qxf6) 9. Nb3 Ne5 10. h3 Ng6 11. Qd2 Bf8 12. Bd3 c6 13. a4 b6 14. Nd4 Qc7 15. Nde2 a6 16. Ng3 Bd7 17. Bg5 Be7 18. Nce2 d5 19. exd5 Nxd5) 8... Nbd7 9. O-O Ne5 10. Nd5 (10. Be2 a6 11. a4 Bf8 12. Bg5 h6 13. Bh4 Ng6 14. Bxf6 Qxf6 15. Nd5 Qd8 16. Bd3 c6 17. Ne3 Nf4) 10... Nxd5 11. exd5 Nxf3+ 12. Qxf3 Bf6) 8. a4 {[%eval 14,0]} (8. f4 Nc5 9. Bf3 Ne6 10. Nb3 Re8 11. Qd2 Nf8 12. h3 a5 13. a4 N6d7 14. Nd5 Bh4+ 15. Kf1 c6 $5 {[%cal Rc6d5]} (15... b6 16. Nd4 Nc5 17. g3 Bxg3 18. Nf5 $5 {[%cal Rf5g3]} (18. Qg2 Ba6+ 19. Kg1 Bh4 20. Nf5 Ng6 21. Kh2 c6 22. Nc3 Be7 {Chaudhary,S (1912)-Subba,T (1810) Budhanilkantha 2019 1-0 (62)}) 18... c6 19. Nxg3 cxd5 20. Qxd5 $15) 16. Nc3 Nb6) 8... a6 {[%eval 62,0] [#]} 9. h4 $6 $146 {[%eval 29,0] Inaccuracy. Nf5 was best.} (9. Nf5 Re8 10. g4 Bf8 11. f3) (9. f4 Nc5 10. Bf3 Re8 11. Nde2 Ncxe4 $1 $17 {[%mdl 512] Threatens to win with ...d5.} (11... Bg4 12. Bxc5 Bxf3 13. gxf3 dxc5 14. Qxd8 Raxd8 15. Kf2 Nh5 16. Rad1 c6 17. Rxd8 Rxd8 18. Rd1 Rxd1 19. Nxd1 Kf8 20. c4 Bf6 21. e5 Bh4+ 22. Ke3 Ke7 23. Ndc3 f5 24. Nc1 g5 25. Nd3 gxf4+ 26. Kd2 b6 27. a5 bxa5 28. Nxc5 Bf2 29. Nd3 Bg1 30. h3 Be3+ 31. Kc2 Ke6 32. Ne2 Ng3 33. Ndxf4+ Bxf4 34. Nxf4+ Kxe5 35. Nd3+ Kd4 36. c5 Nf1 37. f4 Ne3+ 38. Kd2 Nd5 {½-½ Hertel,J (1724)-Oltzen,S (1773) Kiel op 21th 2008 (3)}) 12. O-O (12. Nxe4 Nxe4) 12... d5) 9... Nc5 {[%eval 17,0] Black has an edge.} 10. Bf3 {[%eval 2,0]} Nfd7 $6 {[%eval 67,0][%cal Bf6d7,Bd7e5,Be5g4,Bg4e3][%mdl 32] Inaccuracy. Re8 was best.} (10... Re8 11. Nde2) 11. Be2 $6 {[%eval 3,0] Inaccuracy. Qd2 was best.} (11. Qd2 Re8) 11... Bxh4 $2 {[%eval 109,0] Mistake. Nf6 was best.} (11... Nf6) 12. Bc4 $6 {[%eval 48,0] Inaccuracy. Bf1 was best.} (12. Bf1) 12... Ne5 {[%eval 58,0]} 13. Ba2 $4 {[%eval -94,0] Blunder. Qh5 was best.} (13. Qh5 Nxc4) 13... Ng4 {[%eval -44,0]} (13... Bg4 14. Qd2 $15) 14. Qf3 {[%eval -38,0]} Nxe3 {[%eval -37,0]} 15. Qxe3 {[%eval -53,0]} Ne6 $2 {[%eval 17,0] Mistake. Qg5 was best.} (15... Qg5) 16. Nf5 $6 {[%eval -94,0] Inaccuracy. Nf3 was best.} (16. Nf3) 16... Bg5 {[%eval 99,0]} (16... g5 $2 17. g3 $18) 17. Qh3 {[%eval -89,0][%csl Gh1][%cal Rh3h7] [#]} h6 {[%eval -92,0][%cal Be6d4]} 18. Qh5 $6 {[%eval -34,0] Inaccuracy. Rd1 was best.} (18. Rd1 Nf4 19. Qf3 Qf6 20. g3 Ng6 21. O-O Be6 22. Bb3 Rae8 23. Nd5 Bxd5) 18... Nf4 {[%eval -68,0]} 19. Qh2 $2 {[%eval -277,0] Mistake. Qf3 was best.} (19. Qf3) 19... Bxf5 {[%eval -297,0]} 20. exf5 {[%eval -274,0]} Qe7+ $4 {[%eval 1,0] Blunder. Qf6 was best.} (20... Qf6 21. Kf1 Rae8 22. Bc4 Qxf5 23. g3 Ne6 24. Bd3 Qg4 25. f4 Bf6 26. Be2) 21. Kf1 {[%eval 0,0]} Rae8 $2 {[%eval 106,0] Mistake. c6 was best.} (21... c6 22. g3 Nd5 23. Bxd5 cxd5 24. f4 Bf6 25. Nxd5 Qe4 26. Nxf6+ gxf6 27. Kf2) 22. g3 {[%eval 128,0][%cal Bg2g3,Bg3f4][%mdl 32]} Bf6 $2 {[%eval 295,0] Mistake. Ne2 was best.} (22... Ne2 23. Re1 Nxg3+ 24. Kg2 Qd7 25. Qxg3 Qxf5 26. Bc4 Rxe1 27. Rxe1 Qxc2 28. Qf3) 23. gxf4 {[%eval 267,0]} Bxc3 {[%eval 209,0]} 24. bxc3 {[%eval 282,0]} Qe2+ {[%eval 278,0]} 25. Kg1 {[%eval 265,0]} Qd2 $2 {[%eval 488,0] Mistake. Qg4+ was best.} (25... Qg4+ 26. Qg3 Qxg3+ 27. fxg3 Re3 28. Kf2 Rxc3 29. Bb3 Re8 30. Rae1 Rxe1 31. Rxe1) 26. Qg3 {[%eval 448,0] [#] f6 would kill now. White is clearly winning.} Kh7 $6 {[%eval 597,0] Inaccuracy. Re1+ was best.} (26... Re1+ 27. Kg2 Rxa1 28. f6 g5 29. fxg5 Qxg5 30. Qxg5+ hxg5 31. Rxa1 Kh7 32. Re1) 27. f6 {[%eval 425,0][%csl Gf6][%cal Rg3g7]} Rg8 {[%eval 522,0]} 28. Bxf7 {[%eval 502,0] Threatening mate with Qg6+.} gxf6 {[%eval 585,0]} 29. Bxg8+ {[%eval 588,0] Weighted Error Value: White=0.62/Black=0.71 Precisão Stockfish 17: Brancas 85% Pretas 77%} 1-0